00605nam a2200193Ia 4500008004100000020001500041041000800056082001800064100002200082245005900104260005100163300000800214365001100222650002000233650001700253942001200270999001900282952011000301140306s9999 xx 000 0 und d a8187099046 aeng a380.1bMAD/IN aMadusoodanan, T P aIndian capital markets theories and empricial evidance aMumbaibUTI Institute of capital marketsc1998 a275 bRs.350 aPrice behaviour aStock market 2ddccBK c185842d185842 00102ddc4070aKAUCBVbKAUCBVd2004-11-03g350.00l0o380.1 MAD/INr2014-03-22 00:00:00w2014-03-22yBK